| 000 | 00922nam a2200301Ia 4500 | ||
|---|---|---|---|
| 001 | Para_464 | ||
| 003 | CHAP | ||
| 008 | 220125s2000 xx 000 0 und d | ||
| 010 | _a199219 | ||
| 040 | _cCHAP | ||
| 082 | _aPA 580.12 P4 | ||
| 100 |
_aPérez Rodríguez, Patricia Margarita _989987 |
||
| 245 |
_aClaves de determinación botánica (con enfásis en familias de árboles) / _c por Patricia Margarita Pérez Rodríguez |
||
| 260 |
_aChapingo, Méx. : _b UACh |
||
| 300 | _a307 p. | ||
| 650 |
_aAnatomía vegetal _95495 |
||
| 650 |
_aBotánica _x clasificación _914516 |
||
| 650 |
_aBotánica agrícola _914652 |
||
| 650 |
_aBotánica forestal _914679 |
||
| 710 | 2 |
_aUniversidad Autónoma Chapingo _9143749 |
|
| 901 | _aPA 580.12 P4 | ||
| 902 | _aA | ||
| 905 | _a0000002000 n 0000000000 00 | ||
| 910 | _a2000 | ||
| 942 | _cPARA | ||
| 942 |
_cPARA _d1 |
||
| 999 |
_c199219 _d199219 |
||